APEC Schools

The Universe : (Record no. 5236)

000 -LEADER
fixed length control field nam a22 7a 4500
005 - DATE AND TIME OF LATEST TRANSACTION
control field 20180614055258.0
008 - FIXED-LENGTH DATA ELEMENTS--GENERAL INFORMATION
fixed length control field 180614b xxu||||| |||| 00| 0 eng d
020 ## - IDENTIFIER FOR THE MANIFESTATION
Identifier for the Manifestation 9780857301161
Binding paperback
040 ## - CATALOGING SOURCE
Language of Cataloging eng
Transcribing Agency APEC Schools Library
Description Conventions rda
082 ## - DEWEY DECIMAL CLASSIFICATION NUMBER
Classification number C 523.1
Author's Number Os15u 2016
100 ## - CREATOR
Preferred Name of the Person Osborne, Richard
245 ## - TITLE AND STATEMENT OF RESPONSIBILITY
Preferred Title Proper The Universe :
Remainder of Title explained, condensed and exploded /
Statement of Responsibility/Parallel Statement of Responsibility Richard Osborne
264 ## - PUBLICATION STATEMENT
Place of publication, distribution, etc Harpenden, UK :
Publisher's Name/Parallel Publisher's Name Pocket Essentials,
Copyright ©2016.
Date of Publication [2016].
300 ## - PHYSICAL DESCRIPTION
Extent 144 pages ;
Dimensions 20 cm
336 ## - RDA CONTENT
Source rdacontent
Content Type text
337 ## - RDA MEDIA
Source rdamedia
Media Type unmediated
338 ## - RDA CARRIER
Source rdacarrier
Carrier Type volume
504 ## - BIBLIOGRAPHY, ETC. NOTE
Bibliography, etc includes index
942 ## - ADDED ENTRY ELEMENTS (KOHA)
Source of Classification
Koha Item Type Books
Holdings
Library Site Location Shelving Location Source of Acquisition Full Classification Number Koha Item Type Accession Number
APEC Chain of Schools Library APEC Chain of Schools Library Circulation Institutional Fund C 523.1 Os15u 2016 Non Fiction  
APEC Las Piñas Library APEC Las Piñas Library Circulation Institutional Fund C 523.1 Os15u 2016 Non Fiction C01-0000297

Powered by Koha